000 00208 a2200097 4500
001 48509
100 _aHutton, G
245 _aWe can too prosper
260 _aLondon
_bGeorge Allen
_c
090 _c31445
_d31445
942 _aNUST-CAE
_cM
_c23831
999 _c283582
_d283582